Using English from conversation to canon /

Everyday talk. Literacy practices in English. English at work. Rhetoric in English. What makes English into art? Language play in English. An English canon?...

محفوظ في:
التفاصيل البيبلوغرافية
التنسيق: كتاب
اللغة:English
منشور في: London [England] : Routledge in association with the Open University, 1996.
الموضوعات:
الوسوم: إضافة وسم
لا توجد وسوم, كن أول من يضع وسما على هذه التسجيلة!
Thư viện lưu trữ: Mạng thư viện Đại học Đà Nẵng
LEADER 01281cam a2200349 i 4500
001 000049644
003 9653
005 20051006161846.0
008 010406b1996 vm 000 eng
020 |a 0415131197 
040 |a IRC  |c IRC  |d IRC 
041 0 |a eng 
082 1 4 |a 420  |b Us-E 
245 0 0 |a Using English from conversation to canon /  |c Edited by Janet Maybin and Neil Mercer. 
260 |a London [England] :  |b Routledge in association with the Open University,  |c 1996. 
300 |a vi, 326 p. :  |b ill. ;  |c 25cm. 
520 3 |a Everyday talk. Literacy practices in English. English at work. Rhetoric in English. What makes English into art? Language play in English. An English canon?... 
630 0 4 |a English language. 
650 0 4 |a English language  |x Social aspects  |x English speaking countries  |x Problems, exercises, etc. 
650 0 4 |a English language  |x Spoken English  |x English-speaking countries  |x Problems, exercises, etc. 
650 0 4 |a Intercultural communication  |x Problems, exercises, etc. 
650 0 4 |a English philology. 
OWN |a DUT 
999 |a From the UDN01 
TYP |a Monograph 
TYP |a Printed language 
980 |a Mạng thư viện Đại học Đà Nẵng